All Mulan characters by screen time - Statistics

General Stats
  • This quiz has been taken 27 times
  • The average score is 10 of 19
Answer Stats
% Of Movie Screen Time Answer % Correct
42.65 37:27 Fa Mulan
100%
19.59 17:12 Li Shang
90%
17.46 15:20 Mushu
90%
4.99 4:23 Emperor
67%
3.47 3:03 Grandmother Fa
67%
5.03 4:25 Fa Li
62%
1.82 1:36 General Li
62%
11.35 9:58 Ling
62%
12.26 10:46 Yao
62%
7.19 6:19 Shan Yu
57%
11.20 9:50 Chien-po
52%
8.45 7:25 Chi-fu
43%
2.11 1:51 Matchmaker
43%
9.40 8:15 Cri-kee
38%
6.47 5:41 Fa Zhou
38%
4.04 3:33 Great Ancestor
33%
10.12 8:53 Khan
29%
1.01 :53 Little Brother
14%
2.60 2:17 Hayabusa
10%
No matching quizzes found
Score Distribution
Percent of People with Each Score
Percentile by Number Answered
Your Score History
You have not taken this quiz